Statistics for Ultimate French Conjugation Quiz

Click here to take the quiz!

General Stats

  • This quiz has been taken 102 times
  • The average score is 40 of 54

Answer Stats

PronounPrésent% Correct
JeMange
100%
IlMange
100%
ElleMange
100%
OnMange
100%
TuManges
99%
VousMangez
96%
NousMangeons
94%
IlsMangent
93%
EllesMangent
93%
Mangea
81%
Mangea
81%
Mangea
81%
Mangeai
80%
Mangera
77%
Mangera
77%
Mangera
77%
Mangeais
76%
Mangeais
76%
Mangerai
76%
Mangeras
76%
Mangerons
76%
Mangeait
74%
Mangeait
74%
Mangeait
74%
Mangerez
74%
ai Mangé
73%
a Mangé
73%
a Mangé
73%
a Mangé
73%
as Mangé
73%
avez Mangé
73%
avons Mangé
73%
Mangions
73%
ont Mangé
73%
ont Mangé
73%
Mangiez
70%
Mangerais
69%
Mangerais
69%
Mangeront
69%
Mangeront
69%
Mangeas
67%
Mangeriez
67%
Mangerions
67%
Mangeaient
66%
Mangerait
66%
Mangerait
66%
Mangerait
66%
Mangerent
54%
Mangerent
54%
Mangeaient
53%
Mangeraient
53%
Mangeraient
53%
Mangeames
39%
Mangeates
37%

Score Distribution

Percentile by Number Answered

Percent of People with Each Score

Your Score History

You have not taken this quiz